[Event "Polanica Zdroj op"]
[Site "Polanica Zdroj"]
[Date "1994.??.??"]
[Round "?"]
[White "Nothnagel, Holger"]
[Black "Borkowski, Wieslaw"]
[Result "0-1"]
[WhiteElo "2370"]
[BlackElo "2180"]
[PlyCount "110"]
[EventDate "1994.??.??"]
[EventType "swiss"]
[EventRounds "10"]
[EventCountry "POL"]
[SourceTitle "EXT 1998"]
[Source "ChessBase"]
[SourceDate "1997.11.17"]
[SourceVersion "1"]
[SourceVersionDate "1997.11.17"]
[SourceQuality "1"]

1. Nc3 d5 2. e4 d4 3. Nce2 e5 4. Ng3 Nf6 5. Nf3 Bd6 6. c3 c5 7. Bb5+ Nc6 8. 0-0 0-0 9. Bxc6 bxc6 10. c4 Re8 11. d3 Bf8 12. h3 g6 13. Qa4 Qd6 14. Nh4 Nd7 15. Nf3 Bg7 16. Bd2 Nf8 17. Rab1 Bd7 18. b4 cxb4 19. Qxb4 c5 20. Qa5 Bf6 21. Bg5 Bxg5 22. Nxg5 Bc6 23. Qd2 Reb8 24. h4 Rxb1 25. Rxb1 Rb8 26. Rxb8 Qxb8 27. h5 Qb4 28. Qxb4 cxb4 29. hxg6 hxg6 30. Kf1 f6 31. Nf3 Ba4 32. Ne2 Bc2 33. Nc1 Ne6 34. Ke2 a5 35. Kd2 Bb1 36. Ne1 a4 37. Nc2 Bxc2 38. Kxc2 Nc5 39. f3 Kf7 40. g3 Ke6 41. g4 f5 42. gxf5+ gxf5 43. exf5+ Kxf5 44. Ne2 Kg5 45. Ng3 b3+ 46. axb3 axb3+ 47. Kb2 Kf4 48. Ne4 Nxd3+ 49. Kxb3 Kxf3 50. Ng5+ Kf4 51. Ne6+ Kf5 52. Nc7 e4 53. Nb5 Ke5 54. Kc2 Nc5 55. Kd2 e3+ 0-1